Seminario jóvenes constructores de su país: miradas sobre el compromiso social juvenil. Situación actual y proyecciones
Spremljeno u:
| Autor kompanije: | |
|---|---|
| Format: | Knjiga |
| Jezik: | španjolski |
| Izdano: |
Santiago
Arzobispado de Santiago
2015
|
| Izdanje: | 1a. ed |
| Teme: | |
| Oznake: |
Dodaj oznaku
Bez oznaka, Budi prvi tko označuje ovaj zapis!
|
MARC
| LEADER | 00000cam a2200000 a 4500 | ||
|---|---|---|---|
| 001 | UCC7670 | ||
| 003 | CL-VaPUC | ||
| 008 | 190427e20150000cl |||||||||||||||||spa|d | ||
| 082 | 0 | 4 | |a 259.23 |b ARZ |2 21 |
| 110 | 2 | |a Arzobispado de Santiago |e author |9 602379 | |
| 245 | 1 | 0 | |a Seminario jóvenes constructores de su país: miradas sobre el compromiso social juvenil. Situación actual y proyecciones |
| 250 | |a 1a. ed | ||
| 300 | |a 72 p | ||
| 942 | |c BK | ||
| 945 | |d 20190427 02:22:00 |a dcastane | ||
| 260 | |a Santiago |b Arzobispado de Santiago |c 2015 | ||
| 650 | 7 | |a PASTORAL JUVENIL |2 CL-VaPUC |9 602380 | |
| 650 | 0 | |a Juventud |9 271073 | |
| 650 | 0 | |a Educación religiosa |9 308312 | |
| 583 | |a last modification |c 20190427 02:22:00 |k Rodrigo Vera | ||
| 999 | |c 374263 |d 374261 | ||
| 952 | |0 0 |1 0 |3 erb |4 0 |6 259_230000000000000_ARZ_2015 |7 0 |8 A |9 492754 |a BIBTEO |b BIBTEO |i 554467K |o 259.23 ARZ 2015 |p 554467K |r 2025-01-17 |w 2019-11-24 |y BK |z Catalogado en:20190427 |k ICR | ||